000 00972nam a22002177a 4500
003 OSt
005 20251112181522.0
008 251112b |||||||| |||| 00| 0 eng d
040 _c0
082 _aDPer 361.05 J826 March 2018 v. 65 n. 2
100 _aSanchez, Delida
_eauthor.
_969355
245 _aRacial-ethnic microaggressions, coping strategies, and mental health in asian american and latinx american college students:
_bA mediation model.
_cDelida Sanchez, Whitney N. Adams, Sarah C. Arango, and Alaina E. Flannigan.
260 _aU.S.A :
_bAmerican Psychological Association ;
_cMarch 2018.
300 _aVolume 65, pages 214-225 :
_billustration ;
_c28 cm.
500 _aJournal of Counseling Psychology, vol. 65, no. 2, pages 214-225, March 2018.
700 _aSanchez, Delida
_eauthor.
_969355
700 _aAdams, Whitney N.
_eauthor.
_969356
700 _aArango, Sarah C.
_eauthor.
_969357
700 _aFlannigan, Alaina E.
_eauthor.
_969358
942 _2ddc
_cPER
999 _c24196
_d24196